000 00586nam a22001697a 4500
003 PILC
005 20160411090401.0
008 151001b xxu||||| |||| 00| 0 eng d
020 _a9780765641328
050 _aP 96.A8
_b.G58 2015
100 _aGitner, Seth.
245 _aMutimedia storytelling for digital communicators in a multiplatform world /
_cSeth Gitner ; with a foreword by Thomas R. Kennedy.
260 _aNew York :
_bRoutledge,
_c2015.
300 _axxii, 405 pages ;
_c27 cm.
500 _aIncludes glossary, bibliographical references and index.
942 _2lcc
_cBK
_kFOR
999 _c288793
_d288793